000 00212nam a22000857a 4500
999 _c11020
_d11020
008 180721b ||||| |||| 00| 0 eng d
100 _aShakespeare
_94522
245 _aThe Tempest
260 _aNew Delhi
_bCampfire
_c2016